|
|
|
|
| LEADER |
00000nab a2200000 a 4500 |
| 001 |
vtls000724556 |
| 003 |
SK-MaSNL |
| 005 |
20260304105003.0 |
| 008 |
250429c2000 xo 0 slo |
| 015 |
|
|
|a SNBRB2000/06-16785
|
| 035 |
|
|
|a CLN000076720
|
| 035 |
|
|
|a urn:nbn:sk:snk-abjv2
|
| 035 |
|
|
|a (urnnbn)urn:nbn:sk:snk:ar-a040f1
|
| 035 |
|
|
|a (uuid)88e8a45e-b3cc-4b20-8325-7ea762898d63
|
| 040 |
|
|
|a SNKBUCL
|b slo
|c SNKBUCL
|e AACR2
|
| 041 |
0 |
|
|a slo
|
| 044 |
|
|
|a xo
|c SK
|
| 080 |
|
|
|a 165.741
|2 1997
|
| 100 |
1 |
|
|a Shusterman, Richard,
|d 1949-
|4 aut
|9 124435
|
| 245 |
1 |
0 |
|a Richard Shusterman: Pragmatizmus a filozofický život
|c preložil Emil Višňovský
|
| 600 |
1 |
7 |
|a Shusterman, Richard
|d 1949-
|x pragmatizmus filozofický
|2 snkbucl
|9 1405738
|
| 650 |
0 |
7 |
|a pragmatizmus
|2 snkbucl
|9 16120
|
| 655 |
|
7 |
|a články z novín a časopisov
|2 snkbucl
|9 267496
|
| 700 |
1 |
|
|a Višňovský, Emil,
|d 1956-
|4 trl
|9 108257
|
| 773 |
0 |
|
|t Filozofia
|g Roč. 55, č. 3 (2000), s. 255-262
|x 0046-385X
|
| 850 |
|
|
|a Slovenská národná knižnica
|
| 852 |
|
|
|a Slovenská národná knižnica
|
| 954 |
|
|
|a odborná, vedecká literatúra pôvodná (slovenská)
|2 lita
|
| 958 |
|
|
|a article27
|
| 958 |
|
|
|a OND
|
| 958 |
|
|
|a US
|
| 958 |
|
|
|a EUIPO
|
| 992 |
|
|
|a RBX
|
| 999 |
|
|
|c 2853859
|d 2855789
|